01559nam a2200337 a 450000100060000000300080000600500170001400800410003103500190007204000430009104100080013408200220014209000200016409900180018424502040020226000970040630000270050349000310053050000200056150000740058150400310065565000360068670000670072270000420078971001190083183000940095094200120104494900090105699900170106595201390108251436BD-RjUL20211209075648.0160831s19501940enk 000 0 eng d a(BD-RjUL)51556 aIQUcIQUdm.c.dBD-RjULdRCDdRCDbeng aeng a513.213bTAB 1950 aQA47b.B862 v.9 aQA47.B862 v.900aTable of powers :bgiving integral powers of integers /cinitiated by J. W. L. Glaisher ; extended by W. G. Bickley ... [et al.] on behalf of the Committee for the Calculation of Mathematical Tables. aCambridge : bPublished for the Royal Society at the University Press, c1940 [Reprint 1950] axii, 131 p. ; c29 cm.1 aMathematical tables ; v. 9 aChiefly tables. aAt head of title: British Association for the Advancement of Science. aBibliography: p. [xi]-xii. 0aMultiplicationvTables.91537971 aGlaisher, J. W. L.q(James Whitbread Lee),d1848-1928.91537981 aBickley, W. G.q(William Gee)91538562 aBritish Association for the Advancement of Science.bCommittee for the Calculation of Mathematical Tables.9153799 0aMathematical tables (British Association for the Advancement of Science) ;vv. 9.9153800 2ddccBK aMYGS c51436d51436 00102ddc40708NFICaRUCLbRUCLcStackd1969-10-22eZeithingerg35.00l0o513.213 TAB 1950r2016-08-31 00:00:00tC-2w2016-08-31yBK